| 000 | 01006nac a22002777a 4500 | ||
|---|---|---|---|
| 001 | BR8202022 | ||
| 003 | BR-BrBNA | ||
| 005 | 20240105115302.0 | ||
| 008 | 230509b bl.|||m| |||| 00| 0 por d | ||
| 040 |
_aBR-BrBNA _bpor _cBiblioteca Nacional de Agricultura |
||
| 072 | _aF10; H00 | ||
| 090 | _aF10 BR8202022 | ||
| 100 | 1 | _aConti, J.B. | |
| 110 | 1 |
_aUniversidade Estadual Paulista Julio de Mesquita Filho, Sao Jose do Rio Preto, SP (Brasil). Inst. de Biociencias, Letras e Ciencias Exatas _910703 |
|
| 245 | 1 | _aA ocorrencia do granizo no estado de Sao Paulo [Brasil] | |
| 246 | 1 | _a[Occurrence of hail in the state of Sao Paulo [Brazil]] | |
| 260 | 3 |
_aSao Jose do Rio Preto, SP (Brasil): _c1981. |
|
| 300 | _a24 p. | ||
| 490 |
_aInter-Facies. Escritos e Documentos (Brazil) _vno. 51 _x |
||
| 500 | _a12 illus.; 12 ref.; Summary (Pt) | ||
| 650 | _aGRANIZO | ||
| 650 | _aPRECIPITACAO PLUVIAL | ||
| 650 | _aSAO PAULO | ||
| 909 |
_a202312 _bLúcia Elande _c55 _dLúcia Elande |
||
| 942 |
_2AGRIS _n0 _cMS |
||
| 999 |
_c274074 _d274074 |
||